LEADER 00808nam a2200205 i 4500 001 000000167629 003 CaOOAMICUS 005 20071206000000.0 008 071206s1939 it u000 u ita u 013 $a145028 040 $aSeMil$bita 100 1 $aAngelini, Cesare,$c.$0(OLS)http://semarc/name/18192 245 10$aSanti e poeti (e paesi) /$cCesare Angelini. 260 $aMilano :$bRomolo Ghirlanda,$cstampa 1939. 300 $a184 p. ;$c20 cm. 650 4$aLetteratura italiana - Saggi.$0(OLS)http://semarc/subject/1861 850 $aSeMil 852 $aSeMil$W1$xVenegono$y1$m1Q II 45$j118780$B118780$CSeMilBibl$Z2$F129617 $81 996 $6245$aSanti e poeti (e paesi)$9(OLS)http://semarc/title/239827 996 $6260$aMilano :$bRomolo Ghirlanda$9(OLS)http://semarc/publisher/33465